La Liga players 2012/13 - Statistics

General Stats
  • This quiz has been taken 4 times
  • The average score is 56 of 543
Answer Stats
Rank Player Positions Nationality Matches Goals Assists Clubs % Correct
53 Cristiano Ronaldo MF, FW 34 34 10
100%
362 Carles Puyol DF 13 1 0
67%
163 David Villa MF, FW 28 10 5
67%
106 Lionel Messi MF, FW 32 46 11
67%
179 Pepe DF, MF 28 1 1
67%
11 Thibaut Courtois GK 37 0 0
67%
262 Adrián González MF, FW 21 0 1
33%
87 Adrián López MF, FW 32 3 1
33%
330 Alberto Moreno DF, MF 15 0 2
33%
274 Alexandre Song DF, MF 20 1 0
33%
144 Alexis Sánchez MF, FW 29 8 9
33%
69 Álex López MF 33 2 1
33%
360 Álex Martínez DF, MF 13 0 2
33%
506 Álvaro Giménez MF, FW 1 0 0
33%
70 Álvaro González DF 33 1 0
33%
14 Álvaro Negredo FW 36 25 1
33%
111 Álvaro Vázquez FW 31 5 0
33%
145 Ander Herrera MF 29 1 2
33%
4 Andrés Fernández GK 37 0 0
33%
112 Andrés Iniesta MF 31 3 15
33%
92 Ángel Di María MF, FW 32 7 9
33%
381 Ángel López DF, MF 11 1 0
33%
392 Ángel Rodríguez MF, FW 10 1 1
33%
51 Antoine Griezmann MF, FW 34 10 3
33%
418 Antonio López DF, MF 8 0 0
33%
94 Arda Turan MF, FW 32 5 3
33%
16 Augusto Fernández MF 36 6 5
33%
319 Borja Fernández MF 16 1 1
33%
372 Borja Gómez Pérez DF 12 0 0
33%
509 Carlos García MF 1 0 0
33%
477 Carlos Kameni GK 3 0 0
33%
146 Carlos Martínez DF 29 1 4
33%
510 Casemiro MF 1 0 0
33%
96 Cesc Fàbregas MF, FW 32 11 12
33%
113 Chory Castro MF, FW 31 7 3
33%
114 Claudio Bravo GK 31 0 0
33%
97 Cristhian Stuani MF, FW 32 7 4
33%
320 Cristian Gómez MF 16 0 1
33%
72 Cristian Rodríguez MF 33 1 0
33%
130 Dani Alves DF, MF 30 0 6
33%
185 Daniel Parejo MF 27 1 3
33%
490 Dani Giménez GK 2 0 0
33%
229 Dani Hernández GK 24 0 0
33%
230 Diego Alves GK 24 0 0
33%
54 Diego Castro MF, FW 34 7 3
33%
115 Diego Costa FW 31 10 7
33%
31 Diego Godín DF 35 1 2
33%
232 Diego López GK 24 0 0
33%
282 Edu Oriol MF, FW 19 0 0
33%
452 Éric Abidal DF 5 0 0
33%
334 Evaldo Fabiano DF 15 0 1
33%
149 Éver Banega MF 29 4 4
33%
516 Fabinho DF, MF 1 0 1
33%
322 Fábio Coentrão DF 16 1 1
33%
348 Federico Fernández DF 14 1 1
33%
365 Fernando Gago MF 13 0 0
33%
99 Filipe Luís DF 32 1 1
33%
323 Francisco Silva DF, MF 16 1 1
33%
296 Franco Vázquez MF, FW 18 3 0
33%
34 Gabi MF 35 0 2
33%
518 Gerard Deulofeu MF, FW 1 0 0
33%
166 Gerard Piqué DF 28 2 0
33%
167 Gonzalo Higuaín MF, FW 28 16 5
33%
519 Héctor Hernández DF 1 0 0
33%
101 Héctor Moreno DF 32 2 2
33%
56 Iago Aspas MF, FW 34 12 7
33%
37 Ibai Gómez MF, FW 35 4 9
33%
481 Igor Martínez MF, FW 3 0 0
33%
283 Iker Casillas GK 19 0 0
33%
242 Íñigo López DF 23 0 0
33%
58 Iñigo Martínez DF 34 4 0
33%
453 Iñigo Pérez DF, MF 5 0 1
33%
521 Isaac Gómez MF 1 0 0
33%
7 Isco MF, FW 37 9 2
33%
421 Isma López DF, FW 8 0 0
33%
59 Ivan Rakitić MF 34 8 9
33%
216 Javier Mascherano DF, MF 25 0 0
33%
102 Javi López DF, MF 32 1 0
33%
215 Javi Márquez MF 25 3 2
33%
310 Jérémy Mathieu DF 17 1 0
33%
284 Jérémy Toulalan DF, MF 19 0 1
33%
8 Jesús Navas DF, FW 37 0 7
33%
454 Jesús Vázquez MF 5 0 0
33%
285 Jonny Castro DF, MF 19 0 0
33%
152 Jordi Alba DF, MF 29 2 5
33%
134 José Callejón MF, FW 30 3 3
33%
153 José Luis Martí MF 29 1 1
33%
386 José Manuel Fernández DF 11 0 1
33%
433 José Manuel Pinto GK 7 0 0
33%
234 José Mari MF 24 0 0
33%
525 José Rodríguez DF, MF 1 0 0
33%
40 Juanfran DF, MF 35 1 2
33%
155 Juanfran DF 29 0 2
33%
409 Juan Rodríguez MF 9 2 1
33%
286 Kaká MF, FW 19 3 2
33%
446 Kaká DF 6 0 0
33%
136 Karim Benzema FW 30 11 12
33%
410 Keylor Navas GK 9 0 0
33%
269 Kiko Casilla GK 21 0 0
33%
77 Koke MF 33 3 11
33%
78 Luka Modrić MF 33 3 3
33%
422 Marc Bartra DF, MF 8 0 0
33%
353 Marcelo DF, MF 14 0 0
33%
448 Marc Fernández MF, FW 6 0 0
33%
277 Mario DF 20 1 0
33%
157 Mario Suárez MF 29 1 1
33%
107 Mesut Özil MF, FW 32 9 13
33%
270 Michael Essien DF, MF 21 2 0
33%
271 Miguel Torres DF 21 0 0
33%
62 Mikel González DF 34 2 1
33%
63 Mikel San José DF, MF 34 5 0
33%
41 Miranda DF 35 2 1
33%
137 Nacho DF, MF 30 0 4
33%
399 Nacho DF 10 1 0
33%
411 Nacho DF 9 0 0
33%
355 Nacho Monreal DF 14 1 2
33%
176 Nelson Valdez FW 28 6 0
33%
424 Óliver Torres MF, FW 8 0 0
33%
64 Omar Ramos MF, FW 34 1 3
33%
178 Pedro MF, FW 28 7 7
33%
65 Radamel Falcao FW 34 28 0
33%
339 Raphaël Varane DF, MF 15 0 0
33%
487 Raúl Fernández GK 3 0 0
33%
140 Raúl García MF, FW 30 5 3
33%
260 Raúl Rodríguez DF 22 0 0
33%
415 Ricardo Carvalho DF 9 0 1
33%
206 Ricardo Costa DF 26 4 0
33%
80 Roberto GK 33 0 0
33%
357 Roberto GK 14 0 0
33%
45 Roberto Soldado FW 35 24 5
33%
459 Roberto Torres MF, FW 5 1 0
33%
488 Roderick Miranda DF 3 0 0
33%
375 Rodri FW 12 2 0
33%
470 Rodri DF 4 0 0
33%
340 Roger Martí FW 15 1 0
33%
67 Rubén Castro MF, FW 34 18 6
33%
123 Rubén García MF, FW 31 4 2
33%
225 Rubén Pérez MF 25 1 1
33%
226 Sami Khedira MF 25 3 2
33%
503 Saúl Ñíguez DF, MF 2 0 0
33%
316 Seba Fernández FW 17 0 0
33%
124 Sergio Busquets MF 31 1 2
33%
180 Sergio García MF, FW 28 7 6
33%
208 Sergio Ramos DF 26 4 0
33%
302 Sergio Sánchez DF 18 0 1
33%
538 Sergi Roberto DF, MF 1 0 0
33%
194 Thiago Alcántara MF 27 2 4
33%
261 Tiago Mendes MF 22 2 0
33%
542 Tiago Pinto DF 1 0 0
33%
125 Tino Costa MF 31 1 5
33%
22 Tomás Pina Isla MF 36 0 0
33%
543 Unai García DF 1 0 0
33%
227 Víctor Pérez MF 25 4 1
33%
83 Víctor Rodríguez MF, FW 33 2 6
33%
210 Víctor Ruiz DF, MF 26 0 2
33%
84 Víctor Sánchez DF, MF 33 1 1
33%
181 Xabi Alonso MF 28 0 5
33%
142 Xavi MF 30 5 7
33%
49 Xavi Torres DF, MF 35 0 2
33%
240 Zé Castro DF 24 0 0
33%
86 Abdelaziz Barrada MF 32 4 6
0%
505 Abdelkader Oueslati DF, FW 1 0 0
0%
159 Abel Aguilar MF 28 3 3
0%
24 Abraham Minero DF, MF 35 0 2
0%
290 Ádám Pintér DF, MF 18 0 0
0%
212 Adil Rami DF 25 0 2
0%
474 Adrià Carmona MF, FW 3 0 0
0%
88 Adrián GK 32 0 0
0%
248 Adrián Colunga MF, FW 22 6 6
0%
241 Adriano DF, MF 23 5 1
0%
305 Alan Hutton DF 17 0 0
0%
291 Alberto Botía DF 18 1 0
0%
68 Alberto Bueno MF, FW 33 5 3
0%
13 Alberto de la Bella DF 36 3 2
0%
263 Alberto Lopo DF 21 1 1
0%
461 Alberto Perea MF, FW 4 0 0
0%
182 Alejandro Alfaro MF, FW 27 6 1
0%
50 Alejandro Arribas DF 34 2 0
0%
379 Alejandro Pozuelo MF, FW 11 1 0
0%
143 Álex Bergantiños MF 29 1 0
0%
160 Álex Gálvez DF, MF 28 0 0
0%
196 Alexis DF 26 3 0
0%
489 Álex Rubio MF, FW 2 0 0
0%
25 Allan Nyom DF, MF 35 0 2
0%
197 Álvaro Arbeloa DF 26 0 2
0%
89 Álvaro Cejudo MF 32 3 6
0%
371 Álvaro Morata FW 12 2 1
0%
26 Álvaro Rubio DF, MF 35 0 2
0%
343 Álvaro Vadillo MF, FW 14 0 2
0%
213 Aly Cissokho DF 25 2 2
0%
380 Anaitz Arbilla DF 11 0 0
0%
128 Ander Iturraspe MF 30 0 2
0%
317 Anderson Conceição DF 16 0 0
0%
27 Andoni Iraola DF, MF 35 0 4
0%
361 André Santos MF 13 0 0
0%
90 Andrés Guardado DF, MF, FW 32 1 3
0%
318 Andrés Palop GK 16 0 0
0%
129 Andrés Túñez DF 30 0 0
0%
403 Andreu Fontàs DF 9 0 0
0%
91 Andrija Delibašić FW 32 6 1
0%
198 Ángel Lafita MF, FW 26 2 0
0%
440 Anthony Annan MF 6 0 0
0%
475 Antonio Adán GK 3 0 0
0%
161 Antonio Amaya DF 28 0 0
0%
344 Antonio Barragán DF, MF 14 0 0
0%
393 Antonio Floro Flores FW 10 1 0
0%
331 Antonio Luna DF, FW 15 0 0
0%
5 Antonio Rukavina DF 37 1 2
0%
93 Apoño MF 32 9 3
0%
15 Aritz Aduriz FW 36 14 6
0%
95 Asier Illarramendi MF 32 0 5
0%
507 Asier Riesgo GK 1 0 0
0%
332 Aymeric Laporte DF 15 0 0
0%
345 Ayoze Díaz Díaz DF, MF 14 0 0
0%
199 Aythami Artiles DF 26 0 1
0%
280 Baba Diawara FW 19 0 0
0%
52 Beñat Etxebarria MF 34 4 9
0%
346 Beto GK 14 0 0
0%
228 Borja Ekiza DF 24 0 0
0%
17 Borja Oubiña MF 36 1 0
0%
508 Brandon MF, FW 1 0 0
0%
333 Brayan Angulo DF, MF 15 1 0
0%
1 Bruno Gama MF, FW 38 6 6
0%
476 Bryan Rabello MF, FW 3 0 0
0%
394 Cala DF 10 0 0
0%
162 Carlos Aranda FW 28 1 1
0%
363 Carlos Bellvís DF 13 0 0
0%
183 Carlos Gurpegui DF, MF 27 1 0
0%
249 Carlos Marchena DF, MF 22 2 0
0%
306 Carlos Peña DF 17 0 1
0%
28 Carlos Vela MF, FW 35 14 10
0%
451 Casto GK 5 0 0
0%
404 Cata Díaz DF 9 0 0
0%
511 Charlie Took DF 1 0 0
0%
425 Chechu DF 7 0 0
0%
71 Chori Domínguez MF, FW 33 5 4
0%
364 Christian Alfonso MF 13 0 0
0%
264 Christian Lell DF 21 2 0
0%
184 Cicinho DF 27 1 1
0%
265 Coke DF, MF 21 3 4
0%
292 Cristian Álvarez GK 18 0 0
0%
426 Cristian Bustos MF 7 0 0
0%
147 Cristian Săpunaru DF 29 2 0
0%
250 Cristian Tello DF, MF, FW 22 7 4
0%
148 Damià Abella DF, MF 29 0 1
0%
395 Damien Perquis DF 10 0 0
0%
512 Dani Aquino MF, FW 1 0 0
0%
405 Dani Benítez MF 9 1 2
0%
29 Daniel Aranzubia GK 35 0 0
0%
293 Daniel Larsson MF, FW 18 0 1
0%
281 Dani Estrada DF, MF 19 0 0
0%
396 Danijel Pranjić DF, MF 10 0 0
0%
478 Dariusz Dudka DF, MF 3 0 0
0%
462 Darwin Machís MF, FW 4 0 1
0%
406 David Abraham DF 9 0 0
0%
294 David Albelda DF, MF 18 0 0
0%
419 David Cobeño GK 8 0 0
0%
30 David Navarro DF 35 1 2
0%
321 David Timor DF, MF 16 1 2
0%
266 David Zurutuza MF 21 2 3
0%
231 Diego Buonanotte MF, FW 24 2 4
0%
164 Diego Colotto DF 28 2 1
0%
200 Diego Ifrán FW 26 2 3
0%
513 Diego Llorente DF 1 0 0
0%
382 Diego Lugano DF 11 0 1
0%
186 Diego Mainz DF 27 1 1
0%
295 Diego Perotti MF, FW 18 0 0
0%
347 Diogo Salomão MF, FW 14 2 0
0%
491 Domingo Cisma DF 2 0 0
0%
307 Dorlan Pabón MF, FW 17 8 4
0%
308 Duda DF, FW 17 0 1
0%
32 Dudu Aouate GK 35 0 0
0%
514 Eder Vilarchao MF 1 0 0
0%
165 Eliseu DF, MF 28 1 3
0%
131 Emiliano Armenteros MF 30 3 5
0%
479 Emiliano Insúa DF 3 0 1
0%
98 Emilio Nsue DF, FW 32 2 2
0%
251 Emir Spahić DF 22 1 0
0%
427 Emre Belözoğlu MF 7 0 1
0%
428 Eñaut Zubikarai GK 7 0 0
0%
233 Enrique de Lucas MF, FW 24 3 0
0%
116 Enrique Sola FW 31 8 1
0%
515 Erik Morán MF 1 0 0
0%
117 Fabián Orellana MF, FW 31 0 4
0%
492 Fabrice Olinga MF, FW 2 1 0
0%
493 Fabricio GK 2 0 0
0%
517 Fausto Tienza MF 1 0 0
0%
201 Federico Fazio DF 26 3 0
0%
441 Felipe Mattioni DF 6 0 0
0%
383 Fernando Amorebieta DF 11 0 0
0%
202 Fernando Llorente FW 26 4 0
0%
33 Fernando Navarro DF 35 0 1
0%
335 Fernando Tissone MF 15 0 0
0%
187 Francisco Portillo MF, FW 27 2 5
0%
252 Francisco Puñal MF 22 1 1
0%
324 Franco Zuculini MF, FW 16 1 2
0%
55 Gabriel Torje MF, FW 34 3 0
0%
325 Gaizka Toquero MF, FW 16 0 0
0%
100 Gary Medel DF, MF 32 6 3
0%
118 Geoffrey Kondogbia DF, MF 31 1 1
0%
463 Germán Lux GK 4 0 0
0%
150 Giovani dos Santos MF, FW 29 6 6
0%
267 Glenn Loovens DF 21 0 0
0%
420 Gorka Elustondo DF, MF 8 1 1
0%
35 Gorka Iraizoz GK 35 0 0
0%
36 Guilherme Siqueira DF, MF 35 6 2
0%
464 Guillermo Molins MF, FW 4 0 0
0%
188 Gustavo Cabral DF 27 2 1
0%
151 Gustavo Munúa GK 29 0 0
0%
494 Hassan Yebda MF 2 0 0
0%
397 Héctor Rodas DF 10 0 0
0%
203 Hedwiges Maduro DF, MF 26 0 0
0%
6 Hélder Postiga FW 37 14 3
0%
407 Henri Bienvenu FW 9 0 0
0%
275 Henrique Sereno DF 20 1 0
0%
480 Hugo Fraile MF, FW 3 0 0
0%
309 Hugo Mallo DF 17 0 0
0%
73 Ignacio Camacho MF 33 2 0
0%
74 Iker Muniain MF, FW 33 1 1
0%
57 Imanol Agirretxe FW 34 13 6
0%
482 Iñigo Ruiz de Galarreta MF 3 0 1
0%
429 Ion Ansotegi DF 7 0 1
0%
520 Ion Echaide DF 1 0 0
0%
214 Iriney MF 25 0 0
0%
495 Israel Puerto DF 2 0 0
0%
522 Ivan Obradović DF 1 0 0
0%
349 Jaime GK 14 0 0
0%
253 Jaime Gavilán MF 22 0 2
0%
384 Jaime Romero MF, FW 11 0 0
0%
430 Javi Álamo MF, FW 7 0 0
0%
268 Javier Arizmendi MF, FW 21 2 1
0%
373 Javier Baraja DF, MF 12 1 0
0%
243 Javier Camuñas MF, FW 23 1 0
0%
254 Javier Chica DF 22 0 1
0%
408 Javier Hervás MF 9 0 0
0%
483 Javier Manquillo DF 3 0 1
0%
276 Javier Paredes DF 20 0 0
0%
442 Javier Ros MF 6 0 0
0%
189 Javier Saviola FW 27 8 3
0%
18 Javi Fuego MF 36 0 1
0%
132 Javi Guerra FW 30 8 0
0%
38 Javi Varas GK 35 0 0
0%
523 Jesús GK 1 0 0
0%
168 Jesús Gámez DF 28 0 2
0%
169 Jesús Rueda DF, MF 28 0 0
0%
204 Joan Capdevila DF 26 0 1
0%
465 Joan Tomàs MF, FW 4 0 0
0%
9 Joan Verdú MF 37 9 3
0%
133 João Pereira DF, MF 30 0 4
0%
431 João Victor DF, MF 7 0 0
0%
60 Joaquín MF, FW 34 4 5
0%
170 Joel Campbell MF, FW 28 2 3
0%
39 Jonas FW 35 13 3
0%
443 Jonás Ramalho DF 6 0 0
0%
484 Jonathan dos Santos MF 3 0 0
0%
444 Jonathan Pereira FW 6 0 1
0%
311 Jonathan Viera MF, FW 17 2 3
0%
350 Jonathan Vila DF, MF 14 0 0
0%
190 Jon Aurtenetxe DF 27 1 3
0%
351 Jordi DF 14 0 0
0%
191 Jordi Amat DF, MF 27 1 0
0%
432 Jordi Codina GK 7 0 0
0%
103 Jorge Molina FW 32 13 1
0%
445 Jorge Ortí FW 6 0 1
0%
524 Jorge Pulido DF 1 0 0
0%
385 José Ángel DF, MF 11 0 0
0%
205 José Antonio Reyes MF 26 4 6
0%
235 Joseba Llorente FW 24 1 0
0%
171 José Barkero MF 28 5 1
0%
455 José Campaña MF 5 0 0
0%
192 José Cañas MF 27 0 1
0%
104 José Carlos MF, FW 32 2 1
0%
172 José Manuel Casado DF 28 0 4
0%
154 José María Movilla MF 29 0 3
0%
244 José Nunes DF 23 0 0
0%
434 Juan Ángel Albín MF, FW 7 1 0
0%
374 Juan Bernat DF, MF, FW 12 0 2
0%
485 Juan Calatayud GK 3 0 0
0%
75 Juan Carlos Valerón MF 33 1 7
0%
236 Juan Domínguez MF 24 1 0
0%
76 Juan Forlín DF, MF 33 0 1
0%
217 Juankar DF, FW 25 0 3
0%
218 Juanlu MF 25 2 1
0%
255 Juan Manuel Ortiz DF, MF 22 0 2
0%
526 Juanmi MF, FW 1 1 0
0%
435 Juan Neira MF, FW 7 0 0
0%
135 Juan Valera Espín DF, MF 30 2 0
0%
527 Julián Cuesta GK 1 0 0
0%
352 Júlio Baptista MF, FW 14 4 0
0%
387 Kevin DF 11 1 1
0%
496 Lassana Diarra MF 2 0 0
0%
105 Lass Bangoura MF, FW 32 3 5
0%
388 Laure DF 11 0 1
0%
173 Léo Baptistão MF, FW 28 7 7
0%
466 Leo Franco GK 4 0 0
0%
456 Lévy Madinda MF 5 0 0
0%
467 Liassine Cadamuro DF 4 0 0
0%
156 Lluís Sastre MF 29 1 0
0%
256 Lolo DF, MF 22 1 1
0%
436 Lolo MF, FW 7 0 0
0%
336 Loukas Vyntra DF 15 0 0
0%
389 Lucas Piazon MF, FW 11 0 2
0%
457 Lucas Wilchez MF, FW 5 0 0
0%
528 Maikel Mesa MF, FW 1 0 0
0%
366 Mané DF, MF 13 1 1
0%
219 Manucho FW 25 8 2
0%
257 Manu del Moral FW 22 1 1
0%
497 Manuel Arana MF 2 0 0
0%
220 Manuel Iturra MF 25 0 0
0%
498 Manuel Lucena DF 2 0 0
0%
447 Manuel Onwu FW 6 1 1
0%
237 Manuel Pablo DF 24 0 2
0%
245 Marc Bertrán DF 23 0 1
0%
174 Marc Valiente DF 28 0 0
0%
79 Mario Bermejo FW 33 5 0
0%
175 Markel Bergara MF 28 0 0
0%
19 Markel Susaeta MF, FW 36 7 5
0%
119 Martín Demichelis DF, MF 31 3 0
0%
337 Martín Montoya DF, MF 15 1 3
0%
423 Martin Petrov MF, FW 8 0 1
0%
354 Masoud Shojaei MF 14 1 0
0%
529 Maurizio Lanzaro DF 1 0 0
0%
278 Mehdi Lacen MF 20 0 0
0%
61 Michael Krohn-Dehli MF, FW 34 1 6
0%
221 Michael Pereira MF, FW 25 1 0
0%
10 Míchel MF 37 5 4
0%
312 Míchel MF 17 0 0
0%
108 Miguel Ángel Moyá GK 32 0 0
0%
326 Miguel de las Cuevas MF 16 1 0
0%
258 Miguel Flaño DF 22 0 0
0%
458 Miguel Pallardó MF 5 0 0
0%
109 Mikel Balenziaga DF 32 0 1
0%
398 Mikel Labaka DF 10 0 0
0%
2 Mikel Rico MF 38 2 0
0%
499 Miku FW 2 0 0
0%
437 Miroslav Stevanović MF, FW 7 0 0
0%
530 Mohammed Abu MF, FW 1 0 0
0%
531 Moisés Hurtado MF 1 0 0
0%
120 Nabil El Zhar MF, FW 31 2 1
0%
297 Nano DF, FW 18 0 0
0%
298 Natxo Insa MF 18 2 0
0%
400 Nélson Marcos DF 10 0 0
0%
138 Nélson Oliveira FW 30 4 0
0%
412 Nicki Bille Nielsen FW 9 0 0
0%
413 Nikolaos Karabelas DF 9 0 0
0%
222 Nino MF, FW 25 3 1
0%
313 Nolito MF, FW 17 3 1
0%
338 Nono MF 15 0 0
0%
327 Nosa Igiebor MF 16 1 1
0%
272 Obafemi Martins FW 21 7 2
0%
177 Odion Ighalo FW 28 5 2
0%
500 Oguchi Onyewu DF 2 0 0
0%
121 Oier Sanjurjo DF, MF 31 0 0
0%
532 Omar Mascarell DF, MF 1 0 0
0%
42 Óscar MF 35 12 8
0%
20 Óscar de Marcos DF, FW 36 6 4
0%
501 Pablo Alcolea GK 2 0 0
0%
486 Pablo Insua DF 3 0 0
0%
356 Pablo Piatti MF, FW 14 1 2
0%
367 Pablo Sarabia MF, FW 13 1 0
0%
279 Paco Alcácer FW 20 3 0
0%
3 Paco Montañés MF, FW 38 5 1
0%
110 Papakouli Diop MF 32 0 0
0%
299 Pape Diakhaté DF 18 0 0
0%
273 Park Chu-young MF, FW 21 3 1
0%
246 Patrick Ebert MF, FW 23 6 8
0%
259 Paulão DF 22 2 0
0%
414 Paulo Assunção MF 9 0 0
0%
238 Pedro Bigas DF, MF 24 1 1
0%
139 Pedro Geromel DF 30 1 0
0%
158 Pedro León MF, FW 29 3 7
0%
314 Pedro López Muñoz DF 17 0 1
0%
438 Pedro Morales MF 7 3 3
0%
223 Pedro Ríos MF 25 2 1
0%
449 Piotr Trochowski MF 6 2 0
0%
43 Piti MF, FW 35 18 2
0%
44 Pizzi MF, FW 35 8 4
0%
287 Rafa DF, MF 19 1 0
0%
247 Raoul Loé MF 23 2 1
0%
300 Raúl Albiol DF 18 1 0
0%
288 Raúl Baena MF 19 1 1
0%
468 Raúl Goni DF 4 0 0
0%
469 Raúl Tamudo FW 4 1 0
0%
289 Recio MF 19 2 0
0%
533 Ricardo GK 1 0 0
0%
21 Riki FW 36 13 1
0%
368 Robert Acquafresca FW 13 3 0
0%
66 Roberto Lago DF, MF 34 0 3
0%
46 Roberto Trashorras MF 35 1 4
0%
450 Rodolfo Bodipo FW 6 1 0
0%
341 Roland Lamah MF, FW 15 2 2
0%
376 Romaric MF 12 0 1
0%
122 Roque Santa Cruz FW 31 9 1
0%
141 Rubén GK 30 0 0
0%
328 Rubén DF 16 1 0
0%
502 Rubén Blanco GK 2 0 0
0%
534 Rubén Miño GK 1 0 0
0%
224 Rubén Pardo MF, FW 25 0 4
0%
471 Rubén Peña DF, MF, FW 4 0 0
0%
535 Rubén Ramiro FW 1 0 0
0%
342 Rubén Rochina MF, FW 15 1 0
0%
401 Rui Fonte MF, FW 10 0 0
0%
402 Salvador Agra MF, FW 10 1 0
0%
315 Salva Sevilla MF 17 2 2
0%
301 Samuele Longo FW 18 3 0
0%
536 Samuel Llorca DF 1 0 0
0%
537 Santi Mina MF, FW 1 0 0
0%
540 Sergio MF 1 0 0
0%
504 Sergio Álvarez GK 2 0 0
0%
539 Sergio Asenjo GK 1 0 0
0%
207 Sergio Ballesteros DF 26 0 1
0%
369 Sergio Canales MF, FW 13 2 2
0%
416 Sergio Escudero DF, MF 9 1 0
0%
377 Sergio Tejera MF 12 1 0
0%
303 Sílvio DF 18 2 0
0%
472 Simão Mate Junior DF, MF 4 0 0
0%
209 Simão Sabrosa MF 26 3 2
0%
390 Sisi MF, FW 11 0 0
0%
193 Sofiane Feghouli MF, FW 27 3 6
0%
417 Stefan Babović MF 9 0 0
0%
541 Tarsicio Aguado MF 1 0 0
0%
473 Theofanis Gekas FW 4 0 1
0%
81 Tito DF 33 1 0
0%
12 Tomer Hemed FW 37 11 2
0%
358 Toni Dovale DF, MF 14 0 0
0%
239 Toño GK 24 0 0
0%
378 Vadim Demidov DF, MF 12 0 0
0%
460 Valdet Rama MF, FW 5 0 0
0%
370 Valdo MF, FW 13 0 1
0%
359 Vicente Guaita GK 14 0 0
0%
47 Vicente Iborra MF 35 4 1
0%
304 Víctor Álvarez DF, MF 18 0 2
0%
82 Víctor Casadesús FW 33 8 6
0%
126 Víctor Valdés GK 31 0 0
0%
391 Vitorino Antunes DF, MF 11 1 1
0%
211 Wakaso MF 26 3 6
0%
85 Weligton Oliveira DF 33 2 1
0%
23 Willy Caballero GK 36 0 0
0%
439 Xabier Castillo DF 7 0 0
0%
48 Xabi Prieto MF 35 9 3
0%
329 Ximo Navarro DF 16 0 0
0%
195 Yacine Brahimi MF, FW 27 0 1
0%
127 Youssef El-Arabi FW 31 8 1
0%
No matching quizzes found
Score Distribution
Percent of People with Each Score
Percentile by Number Answered
Your Score History
You have not taken this quiz